Music Quiz

Random Music or Word Play Quiz

Bands Within Bands Quiz Stats

Quiz Updated Jun 4, 2015

Also try: Divided Bands
Challenge
Share
Tweet
Embed
Score 0/20 Timer 03:00
1 Play Today
% Correct
Live
96.5%
ABBA
95.8%
Heart
95.2%
America
94.5%
Creed
93.9%
Jet
92.6%
E.U.
92.1%
Ace
91.7%
R.E.M.
91.5%
Sweet
89.1%
% Correct
A-ha
88.9%
Chic
88.7%
Devo
88.1%
War
87.3%
Cream
87.3%
Kansas
83.1%
Yes
80.6%
Brick
76.9%
Queen
74.1%
Poison
66.3%

You're not logged in!

Compare scores with friends on all Sporcle quizzes.
Sign Up with Email
OR
Log In

You Might Also Like...

Show Comments

Extras

Top Quizzes Today


Score Distribution

Your Account Isn't Verified!

In order to create a playlist on Sporcle, you need to verify the email address you used during registration. Go to your Sporcle Settings to finish the process.